Interpretation of measurements of π0-meson photoproduction partial cross sections on a 6Li nucleus with O+ level excitation; Soviet Physics Journal; Vol. 34, iss. 11

Bibliografiska uppgifter
Parent link:Soviet Physics Journal: Scientific Journal.— , 1965-
Vol. 34, iss. 11.— 1991.— [P. 1025-1029]
Huvudupphovsman: Tryasuchev V. A. Vladimir Andreevich
Övriga upphovsmän: Fiks (Fix) A. I. Alexander Ivanovich
Sammanfattning:Title screen
The anomalously large measured values of the cross section of the reaction γ+6Li → Π0 +6Li* (3.56 MeV), which were obtained in two different laboratories, 260-450 MeV γ-rays, are discussed. It is shown that the disagreement between theory and experiment is due to the background reaction γ +7Li → Π0 + n +6Li* (3.56 MeV), which became possible as a result of the poor isotropic purity of the target. This background reaction is discussed with respect to obtaining data on Π0-meson photoproduction on neutrons.
Режим доступа: по договору с организацией-держателем ресурса
Språk:engelska
Publicerad: 1991
Ämnen:
Länkar:http://link.springer.com/article/10.1007%2FBF00895484
Materialtyp: Elektronisk Bokavsnitt
KOHA link:https://koha.lib.tpu.ru/cgi-bin/koha/opac-detail.pl?biblionumber=639384

MARC

LEADER 00000naa0a2200000 4500
001 639384
005 20250530114102.0
035 |a (RuTPU)RU\TPU\network\3870 
090 |a 639384 
100 |a 20150310d1991 k||y0engy50 ba 
101 0 |a eng 
102 |a US 
135 |a drnn ---uucaa 
181 0 |a i  
182 0 |a b 
200 1 |a Interpretation of measurements of π0-meson photoproduction partial cross sections on a 6Li nucleus with O+ level excitation  |f V. A. Tryasuchev, A. I. Fiks 
203 |a Text  |c electronic 
300 |a Title screen 
330 |a The anomalously large measured values of the cross section of the reaction γ+6Li → Π0 +6Li* (3.56 MeV), which were obtained in two different laboratories, 260-450 MeV γ-rays, are discussed. It is shown that the disagreement between theory and experiment is due to the background reaction γ +7Li → Π0 + n +6Li* (3.56 MeV), which became possible as a result of the poor isotropic purity of the target. This background reaction is discussed with respect to obtaining data on Π0-meson photoproduction on neutrons. 
333 |a Режим доступа: по договору с организацией-держателем ресурса 
461 |t Soviet Physics Journal  |o Scientific Journal  |d 1965- 
463 |t Vol. 34, iss. 11  |v [P. 1025-1029]  |d 1991 
610 1 |a электронный ресурс 
610 1 |a труды учёных ТПУ 
610 1 |a фоторождение частиц 
610 1 |a нейтроны 
700 1 |a Tryasuchev  |b V. A.  |c physicist  |c Professor of Tomsk Polytechnic University, doctor of physico-mathematical Sciences  |f 1947-  |g Vladimir Andreevich  |3 (RuTPU)RU\TPU\pers\33804 
701 1 |a Fiks (Fix)  |b A. I.  |c Physicist  |c Professor of Tomsk Polytechnic University, Doctor of Physical and Mathematical Sciences  |f 1968-  |g Alexander Ivanovich  |3 (RuTPU)RU\TPU\pers\33830  |9 17419 
801 2 |a RU  |b 63413507  |c 20161201  |g RCR 
850 |a 63413507 
856 4 |u http://link.springer.com/article/10.1007%2FBF00895484 
942 |c CF